| 000 | 00490nam a2200169Ia 4500 | ||
|---|---|---|---|
| 008 | 210423s2014 xx 000 0 und d | ||
| 020 | _a978-81-203-4797-7 | ||
| 041 | _aeng | ||
| 082 | _a547 GHAT | ||
| 100 | _aGHATAK (K L) | ||
| 245 | _aTextbook of organic chemistry and problem analysis | ||
| 260 |
_aDelhi _bPHI Learning Pvt Ltd _c2014 |
||
| 300 |
_axv,1304 _bPB |
||
| 365 |
_b895 _cINR |
||
| 650 | _aOrganic Chemistry | ||
| 906 | _aanalysis ; chemistry ; organic ; problem ; Textbook | ||
| 999 |
_c168224 _d168224 |
||